| 000 | 01142cam a2200229 4500 | ||
|---|---|---|---|
| 001 | ABS67740 | ||
| 008 | 040506n2004 000 0 eng u | ||
| 035 | _a(Sirsi) u126113 | ||
| 100 | _aLane, T. | ||
| 245 | _aRoll up the beige carpet | ||
| 260 | _c2004 | ||
| 490 |
_aBuilding _v269(8326) 2 April 2004, 54-55(2) |
||
| 520 | _aDescribes how many offices could be experiencing a technological revolution in the way they work due to the introduction of new IT. People will be able to access corporate information in various places outside of the workplace such as public transport. This could lead to more challenges for designers to create buildings that people wish to visit, with spaces that encourage interaction and collaboration between workers. Further discusses the possibilities that large centralised offices may eventually disappear and be replaced by smaller satellite offices nearer to where people live. | ||
| 590 | _aABS | ||
| 590 | _aABS | ||
| 650 | _aOFFICE DESIGN | ||
| 650 | _aOFFICE DEVELOPMENT | ||
| 650 | _aWIRELESS TECHNOLOGY | ||
| 650 | _aTENANT DEMAND | ||
| 690 | _aINFORMATION TECHNOLOGY | ||
| 942 | _n0 | ||
| 999 |
_c117303 _d117303 |
||